[Event "Skopje op-B"]
[Site "Skopje"]
[Date "2023.12.08"]
[Round "3"]
[White "Zelenikovski, Metodi"]
[Black "Fazlija, Seljajdin"]
[Result "1/2-1/2"]
[WhiteElo "1307"]
[BlackElo "1729"]
[PlyCount "133"]
[EventDate "2023.12.06"]
[EventType "swiss"]
[EventRounds "9"]
[EventCountry "MKD"]
[SourceTitle "CB51_2023"]
[SourceDate "2023.12.20"]
[SourceVersion "1"]
[SourceVersionDate "2023.12.20"]
[SourceQuality "1"]

1. e4 e6 2. d4 d5 3. exd5 exd5 4. Nf3 Bg4 5. h3 Bf5 6. Bd3 Bg6 7. Bxg6 hxg6 8. Be3 Nf6 9. Nbd2 Bd6 10. Qe2 Qe7 11. 0-0-0 Nbd7 12. Rhe1 0-0-0 13. Kb1 Rhe8 14. Qf1 Qf8 15. Bg5 Rxe1 16. Nxe1 Re8 17. f3 Re6 18. Nd3 Nh7 19. Bf4 g5 20. Bxd6 Qxd6 21. Re1 Nhf8 22. Rxe6 Nxe6 23. Qe1 f6 24. Nb3 b6 25. Qb4 c5 26. dxc5 bxc5 27. Qa3 Qb6 28. Nd2 c4 29. Nc1 Ndc5 30. Qe3 d4 31. Qe2 c3 32. Nc4 Qa6 33. b3 Kd7 34. Nd3 Nxd3 35. Qxd3 Ke7 36. Qe2 Qc6 37. Na5 Qc7 38. Nc4 Qh2 39. Qf1 Nf4 40. Na5 Qxg2 41. Qxg2 Nxg2 42. Nc6+ Kd7 43. Nxd4 Nf4 44. a4 Nxh3 45. a5 g6 46. a6 f5 47. Kc1 Nf2 48. Ne2 g4 49. fxg4 Nxg4 50. Kd1 Ne3+ 51. Kc1 Nd5 52. Kd1 g5 53. Ke1 Ne3 54. Nxc3 Nxc2+ 55. Kd2 Nb4 56. Nb5 Nxa6 57. Nxa7 f4 58. Nb5 Kc6 59. Nc3 Nb4 60. Ke2 Nd5 61. Nd1 g4 62. Nf2 f3+ 63. Ke1 g3 64. Ng4 f2+ 65. Nxf2 Nf4 66. Kf1 g2+ 67. Kg1 1/2-1/2

[Event "Skopje op-B"]
[Site "Skopje"]
[Date "2023.12.06"]
[Round "1"]
[White "Veleva, Ilijana"]
[Black "Fazlija, Seljajdin"]
[Result "0-1"]
[WhiteElo "1162"]
[BlackElo "1729"]
[PlyCount "52"]
[EventDate "2023.12.06"]
[EventType "swiss"]
[EventRounds "9"]
[EventCountry "MKD"]
[SourceTitle "CB51_2023"]
[SourceDate "2023.12.20"]
[SourceVersion "1"]
[SourceVersionDate "2023.12.20"]
[SourceQuality "1"]

1. e4 e6 2. d4 c5 3. d5 d6 4. Nf3 e5 5. c4 f5 6. Nc3 Nf6 7. Bd3 f4 8. g3 fxg3 9. fxg3 Be7 10. 0-0 0-0 11. Bg5 Bh3 12. Rf2 Ng4 13. Bxe7 Qxe7 14. Rc2 Ne3 15. Qe2 Nxc2 16. Qxc2 Rxf3 17. Qe2 Bg4 18. Qg2 Rxd3 19. Qc2 Rf3 20. Qg2 Qf6 21. Qd2 Nd7 22. Nb5 Rf8 23. Qe1 Bh3 24. Nc3 Rf1+ 25. Qxf1 Qxf1+ 26. Rxf1 Rxf1# 0-1